Teaching and learning geography

Αποθηκεύτηκε σε:
Λεπτομέρειες βιβλιογραφικής εγγραφής
Άλλοι συγγραφείς: Tilbury, Daniella (Επιμελητής έκδοσης), Williams, Michael (Επιμελητής έκδοσης)
Μορφή: Βιβλίο
Γλώσσα:English
Δημοσίευση: London; New York : Routledge, 1997
Θέματα:
Ετικέτες: Προσθήκη ετικέτας
Δεν υπάρχουν, Καταχωρήστε ετικέτα πρώτοι!

MARC

LEADER 00000nam a2200000 i 4500
001 1/11169
008 970912s1997 eng d
020 |a 0-415-14244-X 
035 |1 ΠΑΡ  |a 1997  |b 06/12  |c ΒΟΥΛΓΑΡΑΚΗΣ  |l 10018149 
040 |a GR-MY-UA  |b gre  |e aacr 
041 0 |a eng 
082 0 |a 910.71173 
245 1 0 |a Teaching and learning geography /  |c Edited by Daniella Tilbury and Michael Williams 
260 |a London; New York :   |b Routledge,   |c 1997 
300 |a 313 p. 
504 |a Includes index 
650 0 0 |a Geography  |x Study and teaching (Primary) 
650 0 0 |a Geography  |x Study and teaching (Secondary) 
700 1 |a Tilbury, Daniella.  |4 edt 
700 1 |a Williams, Michael.  |4 edt 
852 |a INST  |b LESVOS  |e 19970912  |h 910.71173 TEA  |p 005100015585  |q 005100015585  |t BK  |y 0 
909 |a Λ  |b 050882 
950 |a 078-1997-06-30